Chemistry : Principles & reactions: a core text

This textbook outlines the principles that govern chemical reactions and continuously illustrates their usefulness in practical applications. The authors (University of Connecticut) cover reactions in aqueous solutions, the ideal gas law, electron arrangements, rate of reaction, acid-base solutions,...

全面介紹

Đã lưu trong:
書目詳細資料
主要作者: Masterton, William L.
格式: 圖書
語言:Undetermined
出版: Belmont, CA. Brooks/Cole-Thomson Learning 2004
主題:
標簽: 添加標簽
沒有標簽, 成為第一個標記此記錄!
Thư viện lưu trữ: Trung tâm Học liệu Trường Đại học Cần Thơ
LEADER 01077nam a2200229Ia 4500
001 CTU_116770
008 210402s9999 xx 000 0 und d
020 |c 2298000 
082 |a 540 
082 |b M423 
100 |a Masterton, William L. 
245 0 |a Chemistry : 
245 0 |b Principles & reactions: a core text 
245 0 |c William L. Masterton, Cecile N. Hurley 
260 |a Belmont, CA. 
260 |b Brooks/Cole-Thomson Learning 
260 |c 2004 
520 |a This textbook outlines the principles that govern chemical reactions and continuously illustrates their usefulness in practical applications. The authors (University of Connecticut) cover reactions in aqueous solutions, the ideal gas law, electron arrangements, rate of reaction, acid-base solutions, and complex ions. The sixth edition replaces 30% of the in-text examples, adds four research essays, and updates molecular models. 
650 |a Chemistry 
904 |i Minh 
910 |a 02 CD-ROM (bộ) CD1 AV.003862; CD2 AV.003863 
980 |a Trung tâm Học liệu Trường Đại học Cần Thơ